00641nam a22002177a 450000500170000001000130001702000230003003500130005303700160006604000120008208200150009410000230010924500540013224600060018626000460019227000600023830000320029850000540033065000170038465000220040120170124105936.0 aA-904234 c250.00a8187111011 aA-904234 bCen Lib/Ret aDPLbEN a230.1bPAT aPattanaik, Devdutt aShiva :cby Dwvdutta Pattanaikban introduction / b  bVakils, Feffer and Simons aMumbai c1997 bMumbai ahague building, 9 street, sprott road e400001 aix, 126p. ;c26cm(Hb)bill. aIncludes glossary and bibliographical references  aReligion z  aHistory of Shiva